01706nam a22002897a 4500008004100000020001800041040000800059041001600067100003000083245004300113260003900156300004600195490001900241505019600260520054800456650006101004650006001065650003901125650005801164650002001222655001701242655003901259655004001298655002401338655002901362700002501391250528b |||||||| |||| 00| 0 eng d a9781399818261 ctbs aArabicaeng aAltorfer, Franceseauthor aBeginners' Arabicc/ Frances Altorfer. aLondon : bTeach Yourself, c2024. axxv, 181 pages :billustrations ;c20 cm. aTeach yourself aMapped to A1-B1 on the Common European Framework of Reference — Everyday phrases and expressions — A bilingual word list — Practice activities — Listening exercises with online audio. aBeginners' Arabic is for absolute beginners and those who've had some previous experience with the language and want to refresh their knowledge. Clear and simple explanations make the course appropriate and accessible to anyone learning Arabic. There are extensive illustrations and tools to help you plan your studies and track your progress, all designed to support learning on your own. This course is also ideal to use with one-to-one tutoring and as a classroom course, and it's the perfect resource to pair with a language-learning app.  0aArabic languagevTextbooks for foreign speakersxEnglish 0aArabic languagexConversation and phrase booksxEnglish 0aArabic languagexSelf-instruction  0aArabic languagexStudy and teachingxForeign speakers 0aArabicxGrammar 0aPhrase books 0aProgrammed instructional materials 0aInstructional and educational works 0aInformational works 0aSelf-instructional works aSmart, Mairieauthor